| 000 | 00681nam a2200181Ia 4500 | ||
|---|---|---|---|
| 008 | 100920s9999 xx 000 0 und d | ||
| 082 |
_b23318 _a891.43 थ 66 |
||
| 100 | _aसिंह दुर्गावती. | ||
| 245 | _aछोटा परिवार सुखी परिवार. | ||
| 260 |
_bराधाकृष्ण प्रकाशन,दिल्ली. _c1966 |
||
| 300 |
_a100 _bसाधी |
||
| 365 | _b4.5 | ||
| 520 | _aहिंदी. | ||
| 630 | _aछोटा परिवार सुखी परिवार. | ||
| 650 | _aहिंदी. | ||
| 730 | _aछोटा परिवार सुखी परिवार. | ||
| 942 | _cBOOK | ||
| 999 |
_c682267 _d682264 |
||